Statistics for Famous Indian

Click here to take the quiz!

General Stats

  • This quiz has been taken 59 times
  • The average score is 9 of 12

Answer Stats

Answer% Correct
Indira Gandhi
100%
Mahatma Gandhi
98%
Mother Teresa
96%
Jawaharlal Nehru
89%
Sachin Tendulkar
81%
Dr. A.P.J. Abdul Kalam
72%
Amitabh Bachchan
68%
Deepika Padukone
68%
Dr. Babasaheb Ambedkar
60%
Lata Mangeshkar
60%
A. R. Rahman
57%
Atal Bihari Vajpayee
49%

Score Distribution

Percentile by Number Answered

Percent of People with Each Score

Your Score History

You have not taken this quiz